Gommora - SCH- Paroles - Statistiques

Statistiques générales
  • Ce quiz a été pris 66 fois
  • Le résultat moyen est 226 sur 352
Statistiques - réponses
Paroles % Correct
à
97%
a
97%
du
97%
Le
97%
le
97%
un
97%
Au
94%
au
94%
ce
94%
gout
94%
les
94%
on
94%
On
94%
Pour
94%
pour
94%
S
94%
m
92%
qu'on
92%
aurait
89%
ça
89%
gang
89%
la
89%
La
89%
pardonné ?
89%
pas
89%
risque
89%
chiffre
86%
empire
86%
Qu'est
86%
respect
86%
de
83%
donné ?
83%
est
83%
et
83%
bâtir
81%
cadavre
81%
ma
81%
pu
81%
sang
78%
son
78%
y
78%
Bang
75%
dans
75%
J'ferai
75%
pire
75%
se
75%
des
72%
lequel
72%
Lequel
72%
ordres
72%
72%
Sur
72%
sur
72%
bruit
69%
comme
69%
fin
69%
fois
69%
l'épilogue
69%
rester
69%
Beretta
67%
en
67%
J'repense
67%
mourir
67%
Mourir
67%
une
67%
Vie
67%
vie
67%
j'expire
64%
aux
61%
fait
61%
j'aurais
61%
sera
61%
va
61%
d'la
58%
d'l'épisode
58%
Grandi
58%
J'respire
58%
j'suis
58%
J'suis
58%
lesté
58%
précède
58%
tir
58%
ton
58%
tu
58%
Tu
58%
mauvais
56%
payeur
56%
tire
56%
Y'aura
56%
comptoir
53%
ensemble
53%
faiblesses
53%
jeune
53%
l'crime
53%
luxure
53%
ne
53%
53%
plein
53%
Daniele
50%
dure
50%
estimé
50%
Götze
50%
grenade
50%
hier
50%
j'éclabousse
50%
J'viendrai
50%
l'meilleur ?
50%
ont
50%
Poto
50%
Regarde
50%
sans
50%
s'replier
50%
Suis
50%
ville
50%
bout
47%
C'est
47%
chez
47%
debout
47%
dernier
47%
Faut
47%
J'laisse
47%
j'le
47%
l'aube
47%
l'vouloir
47%
métaux
47%
mets
47%
portant
47%
rouge
47%
s'entre-tuera
47%
s'entretuera
47%
si
47%
violer
47%
casquées
44%
damier
44%
d'nos
44%
d'puis
44%
fini
44%
fond
44%
homme
44%
j'etais
44%
jusqu'au
44%
Jusqu'au
44%
l'chiffre
44%
l'honneur
44%
mémoire
44%
mes
44%
m'parle
44%
nôtres
44%
oubliés
44%
roues
44%
t'arroser
44%
toi
44%
vif
44%
j'pilote
42%
Prendre
42%
qu'personne
42%
ventes
42%
attendu
39%
Crève
39%
décors
39%
devient
39%
HP
39%
l'deux
39%
l'état
39%
l'sablier
39%
Armes
36%
bar
36%
craindras
36%
denier
36%
d'figer
36%
Don Pietro
36%
frayeurs
36%
J'crève
36%
ressemble
36%
rêver
36%
t'as
36%
d'leur
33%
langage
33%
sous-fifres
33%
succursale
33%
Surveille
33%
Trempé
33%
après
31%
courir
31%
dit-ban
31%
locaux
31%
l'temps
31%
Mais
31%
Souffrir
31%
sujet
31%
table
31%
brandies
28%
Gommora
28%
l'sale
28%
QHS
28%
ressentent
28%
shooter
28%
théières
28%
formes
25%
l'vif
25%
puto
25%
sais
25%
troué
25%
centre
22%
différentes
22%
Dressons
22%
elles
22%
tes-tê
22%
assiégés
19%
Démarré
19%
stories
19%
T'entends
17%
Aucun quiz correspondant
Distribution des résultats
% des personnes avec chaque résultat
Percentile par nombre de réponses
Votre historique - résultats
Vous n’avez pas pris ce quiz